| 000 | 00416 a2200181 4500 | ||
|---|---|---|---|
| 001 | sjds | ||
| 003 | sjds | ||
| 005 | 20240204201831.0 | ||
| 008 | 240204b |||||||| |||| 00| 0 spa d | ||
| 020 | _a9781474827997 (pbk.) | ||
| 040 | _csjds | ||
| 041 | _aspa | ||
| 245 | _aUno, dos, tres | ||
| 260 |
_bParragon Books, _c2013 |
||
| 440 | _aCalcomanias y dibujos | ||
| 500 | _aCataloging from website | ||
| 942 | _cBK | ||
| 999 |
_c24742 _d24742 |
||